| Tag |
First Indicator |
Second Indicator |
Subfields |
| LEADER |
00000cam a2200000 4500 |
| 001 |
in00002782961 |
| 005 |
20151202171809.0 |
| 008 |
700312s1968 dcua b 001 0 eng |
| 010 |
|
|
|a 71604834
|
| 035 |
|
|
|a (OCoLC)ocm00059653
|
| 035 |
|
|
|a (OCoLC)59653
|
| 040 |
|
|
|a DLC
|b eng
|c DLC
|d IAS
|d BTCTA
|d OCLCG
|d OCLCA
|d UtOrBLW
|
| 043 |
|
|
|a n-us-nc
|a n-us-sc
|
| 049 |
|
|
|a TXAM
|
| 050 |
0 |
0 |
|a QE75
|b .P9 no. 573-D
|
| 051 |
|
|
|a QE817.O8
|b S92
|c Copy 2.
|
| 082 |
0 |
0 |
|a 565/.33
|
| 086 |
0 |
|
|a I 19.16:573-D
|
| 100 |
1 |
|
|a Swain, Frederick M.
|q (Frederick Morrill),
|d 1916-2008.
|
| 245 |
1 |
0 |
|a Ostracoda from the Upper Tertiary Waccamaw Formation of North Carolina and South Carolina /
|c by Frederick M. Swain.
|
| 264 |
|
1 |
|a Washington :
|b U.S. Govt. Print. Off,
|c 1968.
|
| 300 |
|
|
|a iii, 37 pages, 19 unnumbered pages :
|b illustrations ;
|c 29 cm.
|
| 336 |
|
|
|a text
|b txt
|2 rdacontent
|
| 337 |
|
|
|a unmediated
|b n
|2 rdamedia
|
| 338 |
|
|
|a volume
|b nc
|2 rdacarrier
|
| 490 |
1 |
|
|a Geological Survey professional paper ;
|v 573-D.
|a Contributions to paleontology
|
| 504 |
|
|
|a Bibliography: pages 32-33.
|
| 650 |
|
0 |
|a Ostracoda, Fossil
|z North Carolina.
|
| 650 |
|
0 |
|a Ostracoda, Fossil
|z South Carolina.
|
| 650 |
|
0 |
|a Paleontology
|y Tertiary.
|
| 650 |
|
0 |
|a Paleontology
|z North Carolina.
|
| 650 |
|
0 |
|a Paleontology
|z South Carolina.
|
| 830 |
|
0 |
|a Geological Survey professional paper ;
|v 573-D.
|
| 830 |
|
0 |
|a Geological Survey professional paper.
|p Contributions to paleontology.
|
| 948 |
|
|
|a cataloged
|b h
|c 2012/12/11
|d c
|e mvaldespin
|f 11:03:29 am
|
| 994 |
|
|
|a C0
|b TXA
|
| 999 |
|
|
|a MARS
|
| 999 |
f |
f |
|s 5604b97e-90e6-37d4-9569-5f96f59d1dc7
|i 67f72813-31f2-33d7-a31a-4e4d3a26bf1e
|t 0
|
| 952 |
f |
f |
|p normal
|a Texas A&M University
|b College Station
|c Sterling C. Evans Library
|d Evans: US Documents (Annex 5th floor)
|t 0
|e I 19.16:573-D
|h Superintendent of Documents classification
|i unmediated -- volume
|m A14839368377
|
| 998 |
f |
f |
|a I 19.16:573-D
|t 0
|l Evans: US Documents (Annex 5th floor)
|